| Tag |
First Indicator |
Second Indicator |
Subfields |
| LEADER |
00000pam a2200000 a 4500 |
| 001 |
in00000083274 |
| 005 |
20151008061213.0 |
| 008 |
810224s1981 tnuaf db s00000 eng |
| 010 |
|
|
|a 81001465
|
| 019 |
|
|
|a 8017036
|
| 020 |
|
|
|a 0687004098
|
| 035 |
|
|
|a (OCoLC)07271952
|
| 035 |
|
|
|9 AAJ7545AM
|
| 039 |
0 |
|
|a 2
|b 3
|c 3
|d 3
|e 3
|
| 040 |
|
|
|a DLC
|c DLC
|d TXA
|d UtOrBLW
|
| 049 |
|
|
|a TXAF
|c [802264]
|
| 050 |
0 |
0 |
|a BL31
|b .A24
|
| 082 |
0 |
|
|a 291/.03/21
|2 19
|
| 245 |
0 |
0 |
|a Abingdon dictionary of living religions /
|c Keith Crim, general editor ; Roger A. Bullard, Larry D. Shinn, associate editors.
|
| 264 |
|
1 |
|a Nashville :
|b Abingdon,
|c [1981]
|
| 264 |
|
4 |
|c ©1981
|
| 300 |
|
|
|a xviii, 830 pages, 16 unnumbered pages of plates :
|b illustrations (some color), maps ;
|c 26 cm.
|
| 336 |
|
|
|a text
|b txt
|2 rdacontent
|
| 337 |
|
|
|a unmediated
|b n
|2 rdamedia
|
| 338 |
|
|
|a volume
|b nc
|2 rdacarrier
|
| 504 |
|
|
|a Includes bibliographies.
|
| 650 |
|
0 |
|a Religions
|v Dictionaries.
|
| 700 |
1 |
|
|a Crim, Keith R.
|
| 700 |
1 |
|
|a Bullard, Roger Aubrey.
|
| 700 |
1 |
|
|a Shinn, Larry D.,
|d 1942-
|
| 740 |
0 |
|
|a Dictionary of living religions.
|
| 999 |
|
|
|a MARS
|
| 999 |
f |
f |
|s 65b22716-dca6-3749-a2c4-937907c3de88
|i fe743fb6-775e-31e5-b958-c4953d6a010e
|t 0
|
| 952 |
f |
f |
|p ric
|a Texas A&M University
|b Rellis Campus
|c Joint Library Facility
|d Remote Storage
|t 0
|e BL31 .A24
|h Library of Congress classification
|i unmediated -- volume
|m A14806061441
|
| 998 |
f |
f |
|a BL31 .A24
|t 0
|l Remote Storage
|